<?xml version="1.0" encoding="UTF-8"?><?xml-stylesheet type="text/xsl" href="static/style.xsl"?><OAI-PMH xmlns="http://www.openarchives.org/OAI/2.0/" xmlns:xsi="http://www.w3.org/2001/XMLSchema-instance" xsi:schemaLocation="http://www.openarchives.org/OAI/2.0/ http://www.openarchives.org/OAI/2.0/OAI-PMH.xsd"><responseDate>2026-04-17T11:46:10Z</responseDate><request verb="GetRecord" identifier="oai:www.recercat.cat:2072/461582" metadataPrefix="marc">https://recercat.cat/oai/request</request><GetRecord><record><header><identifier>oai:recercat.cat:2072/461582</identifier><datestamp>2025-07-29T20:47:43Z</datestamp><setSpec>com_2072_98</setSpec><setSpec>col_2072_378192</setSpec></header><metadata><record xmlns="http://www.loc.gov/MARC21/slim" xmlns:dcterms="http://purl.org/dc/terms/" xmlns:xsi="http://www.w3.org/2001/XMLSchema-instance" xmlns:doc="http://www.lyncode.com/xoai" xsi:schemaLocation="http://www.loc.gov/MARC21/slim http://www.loc.gov/standards/marcxml/schema/MARC21slim.xsd">
   <leader>00925njm 22002777a 4500</leader>
   <datafield ind2=" " ind1=" " tag="042">
      <subfield code="a">dc</subfield>
   </datafield>
   <datafield ind2=" " ind1=" " tag="720">
      <subfield code="a">Buovolo, Donatella</subfield>
      <subfield code="e">author</subfield>
   </datafield>
   <datafield ind2=" " ind1=" " tag="260">
      <subfield code="c">2021</subfield>
   </datafield>
   <datafield ind2=" " ind1=" " tag="520">
      <subfield code="a">Il contributo si propone di offrire una dettagliata descrizione codicologica del manoscritto della Commedia Yates Thompson 36 conservato nella British Library di Londra. Viene prestata particolare attenzione alla storia del codice, ripercorrendo i passaggi che dalla biblioteca aragonese di Napoli lo hanno condotto alla sua attuale collocazione. Ci si sofferma, in particolare, sulla figura dell'ultimo possessore, Henry Yates Thompson, collezionista appassionato e studioso attento dei manoscritti della sua raccolta.</subfield>
   </datafield>
   <datafield ind2=" " ind1=" " tag="520">
      <subfield code="a">L'article té com a objectiu oferir una descripció codicològica detallada del manuscrit de la Comèdia Yates Thompson 36 conservat a la Biblioteca Britànica de Londres. Es presta especial atenció a la història del còdex, tot resseguint els passos que el van portar de la biblioteca aragonesa de Nàpols fins a la seva ubicació actual. Ens centrem, en particular, en la figura de l'últim propietari, Henry Yates Thompson, un apassionat col·leccionista i acurat estudiós dels manuscrits de la seva col·lecció.</subfield>
   </datafield>
   <datafield ind2=" " ind1=" " tag="520">
      <subfield code="a">This paper offers a detailed codicological description of the manuscript of the Yates Thompson 36 Comedy in the British Library, London. Particular attention is paid to the history of the codex, tracing the steps that led from the Aragonese library in Naples to its current location. Particular attention is paid to the figure of its last owner, Henry Yates Thompson, a passionate collector and an attentive scholar of the manuscripts in his collection.</subfield>
   </datafield>
   <datafield ind2=" " ind1=" " tag="520">
      <subfield code="a">Este trabajo tiene como objetivo ofrecer una descripción codicológica detallada del manuscrito de la Comedia Yates Thompson 36 conservado en la Biblioteca Británica de Londres. Se presta especial atención a la historia del códice, recorriendo los pasos que conducían desde la biblioteca aragonesa de Nápoles hasta su ubicación actual. Nos detenemos, en particular, en la figura del último propietario, Henry Yates Thompson, un apasionado coleccionista y cuidadoso estudioso de los manuscritos de su colección.</subfield>
   </datafield>
   <datafield ind2=" " ind1=" " tag="520">
      <subfield code="a">Cet article vise à offrir une description codicologique détaillée du manuscrit de la Comédie Yates Thompson 36 conservé à la British Library de Londres. Une attention particulière est accordée à l'histoire du codex, retraçant les étapes qui ont conduit de la bibliothèque aragonaise de Naples à son emplacement actuel. Nous nous attardons, en particulier, sur la figure du dernier propriétaire, Henry Yates Thompson, collectionneur passionné et érudit attentif des manuscrits de sa collection.</subfield>
   </datafield>
   <datafield tag="653" ind2=" " ind1=" ">
      <subfield code="a">Manuscript</subfield>
   </datafield>
   <datafield tag="653" ind2=" " ind1=" ">
      <subfield code="a">Codicological description</subfield>
   </datafield>
   <datafield tag="653" ind2=" " ind1=" ">
      <subfield code="a">Codex history</subfield>
   </datafield>
   <datafield tag="653" ind2=" " ind1=" ">
      <subfield code="a">Henry Yates Thompson</subfield>
   </datafield>
   <datafield tag="653" ind2=" " ind1=" ">
      <subfield code="a">Neapolitan Aragonese Library</subfield>
   </datafield>
   <datafield tag="653" ind2=" " ind1=" ">
      <subfield code="a">Manoscritto</subfield>
   </datafield>
   <datafield tag="653" ind2=" " ind1=" ">
      <subfield code="a">Descrizione codicologica</subfield>
   </datafield>
   <datafield tag="653" ind2=" " ind1=" ">
      <subfield code="a">Storia del codice</subfield>
   </datafield>
   <datafield tag="653" ind2=" " ind1=" ">
      <subfield code="a">Biblioteca aragonese napoletana</subfield>
   </datafield>
   <datafield tag="653" ind2=" " ind1=" ">
      <subfield code="a">Manuscrito</subfield>
   </datafield>
   <datafield tag="653" ind2=" " ind1=" ">
      <subfield code="a">Descripción codicológica</subfield>
   </datafield>
   <datafield tag="653" ind2=" " ind1=" ">
      <subfield code="a">Historia del códice</subfield>
   </datafield>
   <datafield tag="653" ind2=" " ind1=" ">
      <subfield code="a">Biblioteca aragonesa de Nápoles</subfield>
   </datafield>
   <datafield tag="653" ind2=" " ind1=" ">
      <subfield code="a">Manuscrit</subfield>
   </datafield>
   <datafield tag="653" ind2=" " ind1=" ">
      <subfield code="a">Descripció codicològica</subfield>
   </datafield>
   <datafield tag="653" ind2=" " ind1=" ">
      <subfield code="a">Història del còdex</subfield>
   </datafield>
   <datafield tag="653" ind2=" " ind1=" ">
      <subfield code="a">Biblioteca aragonesa de Nàpols</subfield>
   </datafield>
   <datafield tag="653" ind2=" " ind1=" ">
      <subfield code="a">Description codicologique</subfield>
   </datafield>
   <datafield tag="653" ind2=" " ind1=" ">
      <subfield code="a">Historique du codex</subfield>
   </datafield>
   <datafield tag="653" ind2=" " ind1=" ">
      <subfield code="a">Bibliothèque aragonaise de Naples</subfield>
   </datafield>
   <datafield ind2="0" ind1="0" tag="245">
      <subfield code="a">La Commedia di Alfonso d'Aragona : il codice, la storia, la biblioteca</subfield>
   </datafield>
</record></metadata></record></GetRecord></OAI-PMH>